| 000 | 00544nmm a22001577a 4500 | ||
|---|---|---|---|
| 005 | 20131216100804.0 | ||
| 008 | 131216b2011 ck ||||| |||| 00| 0 spa d | ||
| 041 |
_aspa _aeng |
||
| 044 | _ack | ||
| 090 |
_aLB _b05867 |
||
| 110 |
_aOrganización del Tratado de Cooperación Amazónica _93368 |
||
| 245 |
_aMemorias de la reunión de autoridades forestales de los países miembros de la organización del tratado de cooperación amazónica : _bOTCA |
||
| 260 |
_aBogotá _bOTCA _c2011 |
||
| 300 |
_a17 p., _bil., cuadros _c13 cm |
||
| 942 |
_2z _cCD-ROM |
||
| 999 |
_c8054 _d8054 |
||